Lexeconics, the interaction of law and economics /

Bibliographic Details
Corporate Author: City University of New York. City College. Department of Economics
Other Authors: Sirkin, Gerald, 1920-
Format: Book
Language:English
Published: Boston : Martinus Nijhoff Pub., [1981]
Series:Social dimensions of economics ; v. 2.
Subjects:

MARC

Tag First Indicator Second Indicator Subfields
LEADER 00000pam a2200000 a 4500
001 in00000087636
005 20151008064907.0
008 800820s1981 maua b 00000 engm
010 |a  80023437  
020 |a 0898380537 
035 |a (OCoLC)06708923 
035 |9 AAK4993AM 
040 |a DLC  |c DLC  |d m.c.  |d TXA  |d UtOrBLW 
049 |a TXAM  |c [1196501] 
050 0 0 |a K487.E3  |b L49 
082 0 |a 340/.11  |2 19 
245 0 0 |a Lexeconics, the interaction of law and economics /  |c Gerald Sirkin, editor. 
264 1 |a Boston :  |b Martinus Nijhoff Pub.,  |c [1981] 
264 4 |c ©1981 
300 |a 271 pages :  |b illustrations ;  |c 24 cm. 
336 |a text  |b txt  |2 rdacontent 
337 |a unmediated  |b n  |2 rdamedia 
338 |a volume  |b nc  |2 rdacarrier 
490 1 |a Social dimensions of economics ;  |v v. 2 
500 |a Papers presented at the sixth annual conference of the Economics Department of the City College of the City University of New York, held May 11, 1978. 
504 |a Includes bibliographical references. 
650 0 |a Law  |x Economic aspects  |x Congresses. 
700 1 |a Sirkin, Gerald,  |d 1920- 
710 2 |a City University of New York.  |b City College.  |b Department of Economics. 
830 0 |a Social dimensions of economics ;  |v v. 2. 
999 |a MARS 
999 f f |s 98a9fd41-63c2-3cb1-b396-bc661e1f0b81  |i f9197c31-868a-3415-a82a-73d1675b344b  |t 0 
952 f f |p ric  |a Texas A&M University  |b Rellis Campus  |c Joint Library Facility  |d Remote Storage  |t 0  |e K487.E3 L49  |h Library of Congress classification  |i unmediated -- volume  |m A14806153963 
998 f f |a K487.E3 L49  |t 0  |l Remote Storage